[Event "Karl Mala Memorial op 15th"]
[Site "Frankfurt"]
[Date "2012.07.08"]
[Round "6"]
[White "Czikuss, Hans Joachim"]
[Black "Fischer, Alexander"]
[Result "0-1"]
[WhiteElo "1976"]
[BlackElo "1971"]
[PlyCount "92"]
[EventDate "2012.07.05"]
[EventType "swiss"]
[EventRounds "7"]
[EventCountry "GER"]
[SourceTitle "CBM 149 Extra"]
[Source "ChessBase"]
[SourceDate "2012.08.24"]
[SourceVersion "1"]
[SourceVersionDate "2012.08.24"]
[SourceQuality "1"]

1. c4 c6 2. g3 d5 3. Nf3 Nf6 4. Bg2 dxc4 5. Qc2 b5 6. a4 Bb7 7. 0-0 e6 8. b3 cxb3 9. Qxb3 b4 10. Na3 Qc7 11. Nc4 Be7 12. Bb2 Nbd7 13. d4 a5 14. Rac1 c5 15. Rfd1 0-0 16. Nfe5 Bxg2 17. Kxg2 Rfd8 18. Qf3 Nxe5 19. Nxe5 Rd5 20. e4 Rdd8 21. Nxf7 Kxf7 22. e5 c4 23. exf6 Bxf6 24. d5 c3 25. dxe6+ Kxe6 26. Re1+ Kf7 27. Rc2 Qd7 28. Bc1 Qd5 29. Re4 Ra7 30. Rce2 Rad7 31. h4 h5 32. Bg5 Rh8 33. Kh2 Kg6 34. Bxf6 gxf6 35. Qf4 Qf5 36. Qe3 Rhd8 37. Rf4 Qd5 38. g4 Rh8 39. g5 f5 40. Qe6+ Qxe6 41. Rxe6+ Kf7 42. Re5 Rc8 43. Rfxf5+ Kg7 44. g6 c2 45. Rc5 Rxc5 46. Rxc5 b3 0-1

[Event "Karl Mala Memorial op 15th"]
[Site "Frankfurt"]
[Date "2012.07.08"]
[Round "7"]
[White "Wachsmann, Dietmar"]
[Black "Czikuss, Hans Joachim"]
[Result "0-1"]
[WhiteElo "1614"]
[BlackElo "1976"]
[PlyCount "32"]
[EventDate "2012.07.05"]
[EventType "swiss"]
[EventRounds "7"]
[EventCountry "GER"]
[SourceTitle "CBM 149 Extra"]
[Source "ChessBase"]
[SourceDate "2012.08.24"]
[SourceVersion "1"]
[SourceVersionDate "2012.08.24"]
[SourceQuality "1"]

1. e4 c5 2. Nc3 g6 3. f4 Nc6 4. Nf3 Bg7 5. Bc4 e6 6. 0-0 Nge7 7. Qe2 0-0 8. d3 d5 9. Bb3 a6 10. Nh4 Nd4 11. Qe1 b5 12. a3 c4 13. dxc4 dxc4 14. Ba2 Nxc2 15. Qe2 Nxa1 16. g4 Nc6 0-1

[Event "Karl Mala Memorial op 14th"]
[Site "Frankfurt"]
[Date "2011.07.10"]
[Round "6"]
[White "Czikuss, Hans Joachim"]
[Black "Chandler, Patrick"]
[Result "0-1"]
[WhiteElo "1947"]
[BlackElo "2206"]
[PlyCount "60"]
[EventDate "2011.07.07"]
[EventType "swiss"]
[EventRounds "7"]
[EventCountry "GER"]
[SourceTitle "EXT 2012"]
[Source "ChessBase"]
[SourceDate "2011.11.24"]
[SourceVersion "1"]
[SourceVersionDate "2011.11.24"]
[SourceQuality "1"]

1. c4 e5 2. g3 Nc6 3. Nc3 Bc5 4. Bg2 a5 5. e3 d6 6. Nge2 Nf6 7. 0-0 0-0 8. b3 Bf5 9. d4 Ba7 10. a3 Qc8 11. Bb2 Re8 12. Qd2 Bh3 13. Nd5 Bxg2 14. Nxf6+ gxf6 15. Kxg2 Ne7 16. Rad1 b5 17. Bc3 a4 18. bxa4 bxc4 19. Rb1 Qf5 20. f3 Qd3 21. Qxd3 cxd3 22. Nc1 exd4 23. exd4 Nd5 24. Bd2 Bxd4 25. Re1 Rxe1 26. Bxe1 Rxa4 27. Nxd3 Rxa3 28. Nf2 Ra2 29. f4 f5 30. h3 c5 0-1

[Event "Karl Mala Memorial op 14th"]
[Site "Frankfurt"]
[Date "2011.07.07"]
[Round "1"]
[White "Czikuss, Hans Joachim"]
[Black "Wachsmann, Dietmar"]
[Result "1-0"]
[WhiteElo "1947"]
[BlackElo "1317"]
[PlyCount "43"]
[EventDate "2011.07.07"]
[EventType "swiss"]
[EventRounds "7"]
[EventCountry "GER"]
[SourceTitle "EXT 2012"]
[Source "ChessBase"]
[SourceDate "2011.11.24"]
[SourceVersion "1"]
[SourceVersionDate "2011.11.24"]
[SourceQuality "1"]

1. c4 Nf6 2. g3 g6 3. Bg2 Bg7 4. Nf3 0-0 5. 0-0 d6 6. Nc3 e5 7. e4 Nc6 8. d3 Bg4 9. h3 Be6 10. Be3 Nd7 11. Nd5 Bxd5 12. cxd5 Ne7 13. Qb3 Nb6 14. a4 Qc8 15. Bg5 Re8 16. Rac1 h6 17. Be3 Rd8 18. Rfd1 f5 19. a5 Nd7 20. Qc4 Kh8 21. Qxc7 Qxc7 22. Rxc7 1-0

[Event "Rhein Main op-A 14th"]
[Site "Bad Homburg"]
[Date "2011.06.25"]
[Round "5"]
[White "Czikuss, Hans Joachim"]
[Black "Wichmann, Joerg"]
[Result "1-0"]
[WhiteElo "1928"]
[BlackElo "1492"]
[PlyCount "45"]
[EventDate "2011.06.22"]
[EventType "swiss"]
[EventRounds "7"]
[EventCountry "GER"]
[SourceTitle "EXT 2012"]
[Source "ChessBase"]
[SourceDate "2011.11.24"]
[SourceVersion "1"]
[SourceVersionDate "2011.11.24"]
[SourceQuality "1"]

1. c4 e5 2. g3 Nf6 3. Bg2 d6 4. Nc3 c6 5. d3 Be6 6. e4 Nbd7 7. Nge2 Nb6 8. a4 a5 9. 0-0 d5 10. cxd5 cxd5 11. Bg5 Be7 12. d4 exd4 13. Nxd4 dxe4 14. Nxe6 fxe6 15. Qb3 Nfd5 16. Bxe7 Qxe7 17. Bxe4 Nxc3 18. bxc3 Nd7 19. Qxb7 0-0 20. Rad1 Rad8 21. Bc6 Rf7 22. Rd2 Nc5 23. Qxe7 1-0

[Event "Rhein Main op-A 14th"]
[Site "Bad Homburg"]
[Date "2011.06.22"]
[Round "1"]
[White "Barthel, Ansgar"]
[Black "Czikuss, Hans Joachim"]
[Result "1-0"]
[WhiteElo "2224"]
[BlackElo "1928"]
[PlyCount "57"]
[EventDate "2011.06.22"]
[EventType "swiss"]
[EventRounds "7"]
[EventCountry "GER"]
[SourceTitle "EXT 2012"]
[Source "ChessBase"]
[SourceDate "2011.11.24"]
[SourceVersion "1"]
[SourceVersionDate "2011.11.24"]
[SourceQuality "1"]

1. e4 c5 2. Nf3 Nc6 3. d4 cxd4 4. Nxd4 g6 5. Nc3 Bg7 6. Be3 Nf6 7. Nxc6 bxc6 8. e5 Ng8 9. Bd4 Qa5 10. e6 Nf6 11. exf7+ Kxf7 12. Bc4+ d5 13. Bb3 Re8 14. f4 e6 15. Qd2 c5 16. Be5 Bd7 17. 0-0-0 Rac8 18. a3 d4 19. Ne4 Qxd2+ 20. Nxd2 Bc6 21. Nc4 Bf8 22. Rhg1 Red8 23. g4 Bd5 24. Rde1 Nd7 25. f5 Nb6 26. fxe6+ Bxe6 27. Rgf1+ Kg8 28. Nxb6 Bxb3 29. Nxc8 1-0

[Event "Cologne Chess Days op"]
[Site "Cologne"]
[Date "2010.08.20"]
[Round "1"]
[White "Czikuss, Hans Joachim"]
[Black "Rieger, Angelique"]
[Result "1-0"]
[WhiteElo "1976"]
[BlackElo "1297"]
[PlyCount "107"]
[EventDate "2010.08.20"]
[EventType "swiss"]
[EventRounds "5"]
[EventCountry "GER"]
[SourceTitle "EXT 2011"]
[Source "ChessBase"]
[SourceDate "2010.11.26"]
[SourceVersion "1"]
[SourceVersionDate "2010.11.26"]
[SourceQuality "1"]

1. Nf3 d5 2. c4 dxc4 3. g3 Nf6 4. Bg2 Nc6 5. Qa4 Bd7 6. Qxc4 Be6 7. Qa4 Bd7 8. 0-0 e5 9. d3 Nd4 10. Qd1 Nxf3+ 11. Bxf3 Rb8 12. Be3 b6 13. Nd2 Bh3 14. Bc6+ Nd7 15. Re1 Bb4 16. a3 Be7 17. b4 0-0 18. Nc4 Bf6 19. Rc1 Re8 20. Qa4 Re6 21. Bxd7 b5 22. Bxb5 Qd5 23. f3 Rxb5 24. Nd2 Rb7 25. Rc5 Qd8 26. Ne4 Be7 27. Ra5 Rg6 28. Rxa7 Rb8 29. Rc1 f5 30. Nf2 f4 31. Nxh3 fxe3 32. Rcxc7 Bh4 33. Qd7 Qxd7 34. Rxd7 h5 35. Kg2 Rc8 36. Rdc7 Rd8 37. Rc5 Bf6 38. a4 h4 39. b5 hxg3 40. hxg3 Bh4 41. g4 Bf6 42. Kg3 Re8 43. a5 Be7 44. Rd5 Bf6 45. Rad7 Kh7 46. b6 Rb8 47. Rb5 Bd8 48. Rxe5 Bxb6 49. axb6 Rgxb6 50. Rxe3 Kg6 51. Ree7 Rg8 52. f4 Ra6 53. Ng5 Rf6 54. e4 1-0

[Event "Karl Mala Memorial op 13th"]
[Site "Frankfurt"]
[Date "2010.07.08"]
[Round "1"]
[White "Spitzlei, Philipp"]
[Black "Czikuss, Hans Joachim"]
[Result "0-1"]
[WhiteElo "1359"]
[BlackElo "1982"]
[PlyCount "198"]
[EventDate "2010.07.08"]
[EventType "swiss"]
[EventRounds "7"]
[EventCountry "GER"]
[SourceTitle "EXT 2012"]
[Source "ChessBase"]
[SourceDate "2011.11.24"]
[SourceVersion "1"]
[SourceVersionDate "2011.11.24"]
[SourceQuality "1"]

1. e4 c5 2. Bc4 Nc6 3. Nc3 g6 4. d3 Bg7 5. Bd2 e6 6. Rb1 Nge7 7. Nf3 0-0 8. 0-0 a6 9. a3 b5 10. Ba2 d5 11. Re1 d4 12. Ne2 Bb7 13. c3 dxc3 14. Bxc3 Nd4 15. Nexd4 cxd4 16. Bb4 Qd7 17. Rc1 Rfc8 18. Qd2 Nc6 19. Bc5 Qd8 20. Qf4 Qf6 21. Qxf6 Bxf6 22. e5 Bg7 23. Bxd4 Rd8 24. Bc3 Rxd3 25. Bb1 Rd7 26. b4 Rad8 27. Be4 Ne7 28. Bxb7 Rxb7 29. Red1 Rbd7 30. Rd2 Nd5 31. Rcd1 Kf8 32. Ng5 Ke8 33. Bb2 Bh6 34. h4 Bxg5 35. hxg5 Rc8 36. Rc1 Rxc1+ 37. Bxc1 Rc7 38. Bb2 Rc4 39. Rd3 Rg4 40. Bc1 Rc4 41. Bb2 Rc2 42. Bd4 Nf4 43. Rd1 Ne2+ 44. Kf1 Nxd4 45. Rxd4 Rc3 46. Rh4 Rxa3 47. Rxh7 Ra4 48. Rh4 a5 49. Rh8+ Kd7 50. bxa5 Rxa5 51. g3 Kc6 52. Rf8 Ra7 53. f4 b4 54. Ke2 Rb7 55. Kd3 b3 56. Rc8+ Kd7 57. Rc1 b2 58. Rb1 Kc6 59. Kc4 Rb6 60. Kd4 Rb3 61. g4 Rb4+ 62. Kc3 Kc5 63. f5 Rxg4 64. fxg6 fxg6 65. Rxb2 Rg3+ 66. Kd2 Rg2+ 67. Kc3 Rxb2 68. Kxb2 Kd4 69. Kc2 Kxe5 70. Kd3 Kf5 71. Ke2 Kxg5 72. Kf3 Kh4 73. Kg2 Kg4 74. Kf2 Kh3 75. Kg1 g5 76. Kh1 g4 77. Kg1 e5 78. Kh1 e4 79. Kg1 Kg3 80. Kf1 Kh2 81. Ke2 g3 82. Ke3 g2 83. Kxe4 g1Q 84. Kf3 Qg2+ 85. Kf4 Qg3+ 86. Ke4 Kg2 87. Kd4 Kf2 88. Ke4 Qf3+ 89. Kd4 Ke2 90. Kc4 Kd2 91. Kd4 Qf4+ 92. Kd5 Kd3 93. Kc5 Qd4+ 94. Kc6 Kc4 95. Kc7 Kc5 96. Kb7 Qd6 97. Kc8 Qe7 98. Kb8 Kb6 99. Kc8 Qc7# 0-1

[Event "Rhein Main op 13th"]
[Site "Bad Homburg"]
[Date "2010.06.05"]
[Round "6"]
[White "Ochmann, Reimund"]
[Black "Czikuss, Hans Joachim"]
[Result "1/2-1/2"]
[WhiteElo "2097"]
[BlackElo "1976"]
[PlyCount "98"]
[EventDate "2010.06.02"]
[EventType "swiss"]
[EventRounds "7"]
[EventCountry "GER"]
[SourceTitle "EXT 2011"]
[Source "ChessBase"]
[SourceDate "2010.11.26"]
[SourceVersion "1"]
[SourceVersionDate "2010.11.26"]
[SourceQuality "1"]

1. e4 c5 2. c3 Nf6 3. e5 Nd5 4. Nf3 Nc6 5. d4 cxd4 6. cxd4 d6 7. exd6 Qxd6 8. Nc3 e6 9. Bd3 Nf4 10. Bxf4 Qxf4 11. 0-0 Bd7 12. d5 exd5 13. Nxd5 Qd6 14. Re1+ Be6 15. Bc4 0-0-0 16. Ne3 Bxc4 17. Nxc4 Qxd1 18. Rexd1 Bc5 19. Nce5 f6 20. Nxc6 bxc6 21. Rdc1 Rd5 22. a3 Kb7 23. g3 Re8 24. Rc2 Bb6 25. Kg2 Re6 26. b4 a6 27. Rac1 Red6 28. Rc4 Rd3 29. a4 Rb3 30. a5 Ba7 31. R1c2 Rbd3 32. h3 g6 33. g4 Bb8 34. g5 R3d5 35. h4 f5 36. Re2 Rd7 37. Rcc2 Bd6 38. Re6 Bxb4 39. Rcxc6 Bxa5 40. Rxa6 Bc7 41. Ra2 Rb5 42. Rae2 Rb4 43. Re7 Rg4+ 44. Kf1 Rd1+ 45. Re1 Rxe1+ 46. Rxe1 Bd6 47. Re6 Kc7 48. Rf6 Re4 49. Rf7+ Re7 1/2-1/2

[Event "Karl Mala Memorial op 12th"]
[Site "Frankfurt"]
[Date "2009.07.19"]
[Round "7"]
[White "Czikuss, Hans Joachim"]
[Black "Kuegler, Michael"]
[Result "1/2-1/2"]
[WhiteElo "1978"]
[BlackElo "1704"]
[PlyCount "87"]
[EventDate "2009.07.16"]
[EventType "swiss"]
[EventRounds "7"]
[EventCountry "GER"]
[SourceTitle "EXT 2010"]
[Source "ChessBase"]
[SourceDate "2010.11.25"]
[SourceVersion "1"]
[SourceVersionDate "2010.11.25"]
[SourceQuality "1"]

1. Nf3 Nf6 2. c4 e6 3. g3 d5 4. Bg2 c6 5. 0-0 Be7 6. b3 0-0 7. Bb2 Nbd7 8. d4 Qc7 9. Nc3 b6 10. Rc1 Bb7 11. cxd5 exd5 12. Nh4 Qd8 13. Nf5 Re8 14. Nxe7+ Qxe7 15. e3 Rac8 16. Qd2 Qd6 17. Rfd1 Nf8 18. Re1 Re7 19. Rcd1 Rce8 20. Qc1 Rc7 21. Ba3 Qd8 22. Bxf8 Kxf8 23. Qa3+ Qe7 24. Qxe7+ Rcxe7 25. b4 a6 26. Rc1 b5 27. a3 a5 28. Ra1 a4 29. Bf1 Bc8 30. Bd3 h6 31. Rac1 Bb7 32. Bf5 g6 33. Bd3 Re6 34. Nb1 Nd7 35. Re2 Nb8 36. Rce1 f5 37. h4 h5 38. Nd2 Nd7 39. Nb1 Kf7 40. Nd2 Kg7 41. Kg2 Nf6 42. Nf3 Nd7 43. Ng5 R6e7 44. Nf3 1/2-1/2

[Event "Karl Mala Memorial op 12th"]
[Site "Frankfurt"]
[Date "2009.07.19"]
[Round "6"]
[White "Peter, Falco"]
[Black "Czikuss, Hans Joachim"]
[Result "1-0"]
[WhiteElo "1741"]
[BlackElo "1978"]
[PlyCount "49"]
[EventDate "2009.07.16"]
[EventType "swiss"]
[EventRounds "7"]
[EventCountry "GER"]
[SourceTitle "EXT 2010"]
[Source "ChessBase"]
[SourceDate "2010.11.25"]
[SourceVersion "1"]
[SourceVersionDate "2010.11.25"]
[SourceQuality "1"]

1. d4 Nf6 2. Bf4 e6 3. e3 b6 4. Bd3 Bb7 5. Nf3 Be7 6. c3 0-0 7. Qc2 d5 8. Nbd2 Nbd7 9. Ng5 g6 10. h4 Nh5 11. 0-0-0 c5 12. Nh3 Nxf4 13. Nxf4 e5 14. h5 e4 15. hxg6 hxg6 16. Be2 cxd4 17. exd4 Kg7 18. f3 Nf6 19. fxe4 dxe4 20. Rdf1 Rc8 21. Nc4 b5 22. Ne5 b4 23. Nxf7 Bd5 24. Nxd8 Rfxd8 25. Nxd5 1-0

[Event "Karl Mala Memorial op 12th"]
[Site "Frankfurt"]
[Date "2009.07.18"]
[Round "5"]
[White "Czikuss, Hans Joachim"]
[Black "Moeller, Jeremy"]
[Result "1-0"]
[WhiteElo "1978"]
[BlackElo "1918"]
[PlyCount "127"]
[EventDate "2009.07.16"]
[EventType "swiss"]
[EventRounds "7"]
[EventCountry "GER"]
[SourceTitle "EXT 2010"]
[Source "ChessBase"]
[SourceDate "2010.11.25"]
[SourceVersion "1"]
[SourceVersionDate "2010.11.25"]
[SourceQuality "1"]

1. Nf3 d6 2. c4 g6 3. g3 Bg7 4. Bg2 Nf6 5. 0-0 0-0 6. Nc3 e5 7. d4 Nc6 8. dxe5 Nxe5 9. Nxe5 dxe5 10. Qxd8 Rxd8 11. Bg5 Rd4 12. b3 c6 13. Rad1 Rxd1 14. Rxd1 Bf5 15. h3 h6 16. Be3 Bf8 17. g4 Be6 18. Na4 Nd7 19. Kf1 Kg7 20. Nb2 f5 21. gxf5 gxf5 22. Bd2 Kf7 23. Bc3 Bg7 24. Bf3 e4 25. Bh5+ Kg8 26. Bxg7 Kxg7 27. e3 Kf6 28. f4 Ke7 29. Kf2 Nf6 30. Be2 c5 31. Na4 b6 32. Nc3 Rd8 33. Rxd8 Kxd8 34. Nb5 a6 35. Nc3 Kc7 36. Nb1 Kc6 37. Nd2 Bf7 38. Nf1 Bg6 39. Ng3 b5 40. a3 Kb6 41. Nf1 Bf7 42. Nd2 h5 43. Kg3 b4 44. axb4 cxb4 45. Kh4 Nd7 46. Kg5 Be6 47. Bxh5 a5 48. Bd1 Kc7 49. h4 Kd8 50. Nf1 Nc5 51. Ng3 Bxc4 52. bxc4 a4 53. Bxa4 Nxa4 54. Nf1 Nb2 55. Nd2 Nd1 56. Kxf5 Nxe3+ 57. Kxe4 Ng2 58. h5 Nh4 59. c5 Ke7 60. Kd4 Nf5+ 61. Kc4 Ne3+ 62. Kb3 Nd5 63. f5 Kf6 64. h6 1-0

[Event "Karl Mala Memorial op 12th"]
[Site "Frankfurt"]
[Date "2009.07.18"]
[Round "4"]
[White "Diyap, Murat"]
[Black "Czikuss, Hans Joachim"]
[Result "1/2-1/2"]
[WhiteElo "1661"]
[BlackElo "1978"]
[PlyCount "92"]
[EventDate "2009.07.16"]
[EventType "swiss"]
[EventRounds "7"]
[EventCountry "GER"]
[SourceTitle "EXT 2010"]
[Source "ChessBase"]
[SourceDate "2010.11.25"]
[SourceVersion "1"]
[SourceVersionDate "2010.11.25"]
[SourceQuality "1"]

1. e4 c5 2. Nf3 Nc6 3. d4 cxd4 4. Nxd4 g6 5. Be3 Bg7 6. Nc3 Nf6 7. Bc4 Qa5 8. 0-0 0-0 9. Qd2 Ng4 10. Rad1 Nxe3 11. fxe3 Ne5 12. Bb3 a6 13. Nd5 Qd8 14. Qb4 d6 15. a4 e6 16. Nb6 a5 17. Qb5 Ra6 18. Nxc8 Qxc8 19. Qe2 Rd8 20. Nb5 Qc6 21. Nd4 Qc5 22. Bxe6 fxe6 23. Nxe6 Qc8 24. Nxd8 Qxd8 25. Qb5 Qe7 26. Qd5+ Kh8 27. Rf2 h5 28. Rdf1 Rc6 29. Qxa5 Qg5 30. Qa8+ Kh7 31. Qxb7 Qxe3 32. Kh1 Qxe4 33. a5 Qc4 34. Rf7 Nxf7 35. Rxf7 Qd4 36. Rxg7+ Qxg7 37. Qxc6 Qxb2 38. g3 Qa1+ 39. Kg2 Qxa5 40. Qxd6 Qc3 41. Qd3 Qc6+ 42. Kf2 Qc5+ 43. Kf1 Qc6 44. c4 Qh1+ 45. Kf2 Qxh2+ 46. Kf3 Qh1+ 1/2-1/2

[Event "Frankfurt-ch"]
[Site "Frankfurt"]
[Date "2009.06.15"]
[Round "5"]
[White "Kosak, Michael"]
[Black "Czikuss, Hans Joachim"]
[Result "1-0"]
[WhiteElo "2128"]
[BlackElo "1972"]
[PlyCount "117"]
[EventDate "2009.04.27"]
[EventType "tourn"]
[EventRounds "7"]
[EventCountry "GER"]
[SourceTitle "EXT 2010"]
[Source "ChessBase"]
[SourceDate "2010.11.25"]
[SourceVersion "1"]
[SourceVersionDate "2010.11.25"]
[SourceQuality "1"]

1. d4 Nf6 2. c4 e6 3. Nc3 Bb4 4. Qc2 0-0 5. a3 Bxc3+ 6. Qxc3 b6 7. Bg5 Bb7 8. e3 h6 9. Bh4 d6 10. Ne2 Nbd7 11. Qd3 e5 12. Nc3 exd4 13. Qxd4 Re8 14. Be2 Qe7 15. 0-0 Qe5 16. Rad1 Qxd4 17. Rxd4 g5 18. Bg3 Nc5 19. Nd5 Nxd5 20. cxd5 Ne4 21. Rc1 Re7 22. Bf3 Nxg3 23. hxg3 f5 24. Rdc4 g4 25. Rxc7 Rae8 26. Be2 Bxd5 27. Bb5 Rxc7 28. Rxc7 Re5 29. Rxa7 Bxg2 30. Kxg2 Rxb5 31. b4 Rd5 32. Rb7 b5 33. Kf1 Rd3 34. Rxb5 Rxa3 35. Rxf5 Rb3 36. Rf4 h5 37. Ke2 Kg7 38. Kd2 Kg6 39. Kc2 Ra3 40. Kb2 Ra8 41. Kb3 Kg5 42. Kc4 h4 43. gxh4+ Kxh4 44. f3 Kg3 45. fxg4 Ra3 46. Rd4 Rxe3 47. Rxd6 Kxg4 48. Rf6 Re4+ 49. Kc5 Re1 50. b5 Rc1+ 51. Kb6 Kg5 52. Rf2 Rh1 53. Ka6 Rh6+ 54. b6 Rh1 55. b7 Ra1+ 56. Kb6 Rb1+ 57. Ka7 Ra1+ 58. Kb8 Rc1 59. Ra2 1-0

[Event "Frankfurt-ch"]
[Site "Frankfurt"]
[Date "2009.05.11"]
[Round "3"]
[White "Haftmann, Rainer"]
[Black "Czikuss, Hans Joachim"]
[Result "0-1"]
[WhiteElo "1876"]
[BlackElo "1972"]
[PlyCount "82"]
[EventDate "2009.04.27"]
[EventType "tourn"]
[EventRounds "7"]
[EventCountry "GER"]
[SourceTitle "EXT 2010"]
[Source "ChessBase"]
[SourceDate "2010.11.25"]
[SourceVersion "1"]
[SourceVersionDate "2010.11.25"]
[SourceQuality "1"]

1. e4 c5 2. Nf3 Nc6 3. d4 cxd4 4. Nxd4 g6 5. Nc3 Bg7 6. Be3 Nf6 7. f3 0-0 8. Bc4 Qb6 9. Qd2 Nxe4 10. fxe4 Bxd4 11. Bxd4 Qxd4 12. Qxd4 Nxd4 13. 0-0-0 Nc6 14. Rhf1 d6 15. Nd5 Be6 16. Bb3 Rac8 17. Rd2 b6 18. Ba4 Bxd5 19. exd5 Ne5 20. Kb1 Rc5 21. c3 f5 22. Rd4 Kg7 23. h3 Rfc8 24. Re1 a5 25. Bd7 R8c7 26. Be6 h5 27. Rf1 Rc4 28. Rxc4 Rxc4 29. Kc2 Kf6 30. b3 Re4 31. Kd2 Kg5 32. a4 Kh4 33. Re1 Rxe1 34. Kxe1 Nd3+ 35. Kf1 Nc5 36. Bf7 Kg5 37. b4 Nxa4 38. bxa5 bxa5 39. h4+ Kf6 40. Be8 Nxc3 41. Bc6 a4 0-1

[Event "Main Vogelsberg op 4th"]
[Site "Heusenstamm"]
[Date "2009.05.03"]
[Round "7"]
[White "Czikuss, Hans Joachim"]
[Black "Bauer, Hermann"]
[Result "1-0"]
[WhiteElo "1972"]
[BlackElo "1777"]
[PlyCount "89"]
[EventDate "2009.04.30"]
[EventType "swiss"]
[EventRounds "7"]
[EventCountry "GER"]
[SourceTitle "CBM 130 Extra"]
[Source "ChessBase"]
[SourceDate "2009.07.02"]
[SourceVersion "2"]
[SourceVersionDate "2009.07.15"]
[SourceQuality "1"]

1. Nf3 c5 2. c4 Nc6 3. g3 e5 4. Nc3 g6 5. Bg2 Bg7 6. 0-0 Nge7 7. d3 d6 8. Rb1 Rb8 9. a3 0-0 10. b4 f5 11. Bd2 b6 12. Qc1 Re8 13. Bh6 Bf6 14. Bg5 Bg7 15. b5 Nd4 16. Nxd4 exd4 17. Nd5 Bb7 18. Nxe7+ Rxe7 19. Re1 Bxg2 20. Kxg2 Qe8 21. Bxe7 Qxe7 22. Qf4 Be5 23. Qf3 Qb7 24. Qxb7 Rxb7 25. a4 Bf6 26. Ra1 Kf7 27. a5 Bd8 28. axb6 Bxb6 29. e3 dxe3 30. Rxe3 Re7 31. Rxe7+ Kxe7 32. h4 h5 33. Kf3 Kf6 34. Kf4 Kf7 35. f3 Kf6 36. Re1 Bc7 37. Ke3 Ba5 38. Ra1 Bb6 39. Kf2 Kf7 40. g4 fxg4 41. fxg4 hxg4 42. Kg3 Kf6 43. Kxg4 Kf7 44. Kf4 Kf6 45. Ke4 1-0

[Event "Main Vogelsberg op 4th"]
[Site "Heusenstamm"]
[Date "2009.05.02"]
[Round "4"]
[White "Traut, Stefan"]
[Black "Czikuss, Hans Joachim"]
[Result "1/2-1/2"]
[WhiteElo "1557"]
[BlackElo "1972"]
[PlyCount "98"]
[EventDate "2009.04.30"]
[EventType "swiss"]
[EventRounds "7"]
[EventCountry "GER"]
[SourceTitle "CBM 130 Extra"]
[Source "ChessBase"]
[SourceDate "2009.07.02"]
[SourceVersion "2"]
[SourceVersionDate "2009.07.15"]
[SourceQuality "1"]

1. d4 Nf6 2. Nf3 e6 3. c4 b6 4. g3 Ba6 5. b3 Bb4+ 6. Bd2 Be7 7. Bg2 c6 8. Qc2 0-0 9. 0-0 d5 10. Rd1 Nbd7 11. Bf4 Ne4 12. Nbd2 Nxd2 13. Nxd2 Rc8 14. e4 Nf6 15. e5 Nd7 16. cxd5 cxd5 17. Qb2 Nb8 18. Rac1 Qd7 19. Bf1 Bxf1 20. Nxf1 b5 21. a3 Rxc1 22. Rxc1 Rc8 23. Rxc8+ Qxc8 24. Qc1 Qxc1 25. Bxc1 Nc6 26. Bb2 Bd8 27. Nd2 g5 28. h3 Kg7 29. Kf1 Bb6 30. Nf3 Kg6 31. g4 Na5 32. Nd2 Nc6 33. Nf3 f5 34. exf6 Kxf6 35. Ke2 Bc7 36. Kd3 Bf4 37. Bc3 h6 38. a4 bxa4 39. bxa4 Bc7 40. Nd2 Ne7 41. Nb3 Ng6 42. Bd2 Bf4 43. Be3 Bd6 44. Na5 Bc7 45. Nb3 Nf4+ 46. Bxf4 gxf4 47. h4 e5 48. dxe5+ Kxe5 49. f3 Bb6 1/2-1/2

[Event "Nittenau-ch 8th"]
[Site "Nittenau"]
[Date "2008.11.16"]
[Round "5"]
[White "Czikuss, Hans Joachim"]
[Black "Plank, Michael"]
[Result "1-0"]
[WhiteElo "1832"]
[BlackElo "1778"]
[PlyCount "91"]
[EventDate "2008.11.14"]
[EventType "swiss"]
[EventRounds "5"]
[EventCountry "GER"]
[SourceTitle "EXT 2010"]
[Source "ChessBase"]
[SourceDate "2010.11.25"]
[SourceVersion "1"]
[SourceVersionDate "2010.11.25"]
[SourceQuality "1"]

1. Nf3 Nf6 2. c4 g6 3. g3 Bg7 4. Bg2 d6 5. 0-0 0-0 6. d4 Nbd7 7. Nc3 Re8 8. e4 e5 9. h3 c6 10. Be3 Qc7 11. Qd2 Nf8 12. Rac1 a6 13. Rfd1 Rb8 14. b4 N8d7 15. a4 Nb6 16. Qd3 Nbd7 17. Rc2 exd4 18. Bxd4 Ne5 19. Nxe5 dxe5 20. Bc5 Bf8 21. Bxf8 Kxf8 22. Rcd2 Be6 23. Bf1 Ke7 24. Qe3 Red8 25. f4 Ke8 26. Qf2 Rxd2 27. Rxd2 exf4 28. gxf4 Rd8 29. Rxd8+ Kxd8 30. Qd4+ Ke7 31. e5 Ne8 32. Ne4 Qd7 33. Qxd7+ Bxd7 34. c5 Ke6 35. Kf2 Kd5 36. Ke3 Bf5 37. Nd6 Nxd6 38. exd6 Bd7 39. h4 f6 40. Be2 Bf5 41. h5 Ke6 42. Bc4+ Kd7 43. h6 Be6 44. Bxe6+ Kxe6 45. f5+ gxf5 46. Kf4 1-0

[Event "Nittenau-ch 8th"]
[Site "Nittenau"]
[Date "2008.11.16"]
[Round "4"]
[White "Maurer, Christian"]
[Black "Czikuss, Hans Joachim"]
[Result "1/2-1/2"]
[WhiteElo "1982"]
[BlackElo "1832"]
[PlyCount "111"]
[EventDate "2008.11.14"]
[EventType "swiss"]
[EventRounds "5"]
[EventCountry "GER"]
[SourceTitle "EXT 2010"]
[Source "ChessBase"]
[SourceDate "2010.11.25"]
[SourceVersion "1"]
[SourceVersionDate "2010.11.25"]
[SourceQuality "1"]

1. e4 c5 2. Nf3 Nc6 3. d4 cxd4 4. Nxd4 g6 5. Nc3 Bg7 6. Be3 Nf6 7. Qd2 0-0 8. 0-0-0 Ng4 9. Nxc6 bxc6 10. Bd4 Bh6 11. Be3 Nxe3 12. fxe3 Qb6 13. Re1 Rb8 14. Na4 Qb4 15. Qxb4 Rxb4 16. Nc5 d6 17. a3 Rb8 18. Nd3 Bg7 19. c3 a5 20. Nf2 Be6 21. Bd3 Rb6 22. Nd1 Rfb8 23. Rhf1 Be5 24. Rh1 h5 25. Ref1 Bg4 26. Rf2 Bxd1 27. Rxd1 Bxh2 28. Rdf1 f6 29. e5 Bg3 30. Rc2 Kg7 31. exf6+ exf6 32. b4 Ra8 33. Kb2 Be5 34. Kb3 Ra7 35. a4 axb4 36. cxb4 Rab7 37. b5 cxb5 38. axb5 Rxb5+ 39. Bxb5 Rxb5+ 40. Kc4 Rc5+ 41. Kd3 Rxc2 42. Kxc2 Kh6 43. Kd3 Kg5 44. Ke2 h4 45. Kf3 Kh5 46. e4 g5 47. Rh1 g4+ 48. Ke3 Kg5 49. Rf1 Kg6 50. Rh1 Kg5 51. Rf1 g3 52. Kf3 f5 53. exf5 Kxf5 54. Rh1 Bf6 55. Re1 d5 56. Re2 1/2-1/2

[Event "Frankfurt-ch"]
[Site "Frankfurt"]
[Date "2008.06.09"]
[Round "6"]
[White "Czikuss, Hans Joachim"]
[Black "Nagel, Norbert"]
[Result "1-0"]
[WhiteElo "1951"]
[BlackElo "1708"]
[PlyCount "65"]
[EventDate "2008.04.28"]
[EventType "swiss"]
[EventRounds "7"]
[EventCountry "GER"]
[SourceTitle "EXT 2009"]
[Source "ChessBase"]
[SourceDate "2008.11.26"]
[SourceVersion "1"]
[SourceVersionDate "2008.11.26"]
[SourceQuality "1"]

1. Nf3 Nf6 2. c4 c5 3. g3 g6 4. Bg2 Bg7 5. 0-0 0-0 6. d4 cxd4 7. Nxd4 Nc6 8. Nc3 a6 9. h3 Qc7 10. Be3 Nxd4 11. Qxd4 d6 12. b3 Ng4 13. Qd2 Nxe3 14. Qxe3 Bxc3 15. Qxc3 Bd7 16. Rac1 Bc6 17. Qd3 Bxg2 18. Kxg2 Qc6+ 19. Qd5 Rac8 20. Rfd1 Rfd8 21. e4 Qxd5 22. cxd5 f5 23. exf5 gxf5 24. Kf3 Kf7 25. Kf4 Kf6 26. Re1 Rxc1 27. Rxc1 e5+ 28. dxe6 Kxe6 29. Rc7 d5 30. Ke3 h5 31. Rxb7 h4 32. Rb6+ Ke5 33. f4# 1-0